00659nam a2200169 a 450000100100000000500170001000800410002704000250006808200150009310000260010824501080013426000530024230000190029550000450031495201130035999900170047200002906020200930055315.0110413s19uu dr 000 0 spa d aDO-SdBNPbspacBNPHU axxxbR572p1 aRijo, Franklin95596510aPiso la tierra y cuando salio de ella le profetizo :bEl cumplimiento de una profecia /cFranklin Rijo. a[Santo Domingo] :bImpresora Castillo,c[19--?]. a9 p. ;c17 cm. aTestimonio del hermano Santiago Castillo 0010718PDaPDbPDcCTd2011-04-13iLF1l0oxxx R572pp29060-10r2020-06-25w2020-06-25yLFPDZNo se presta c28552d28552